Máte záujem o Buffettove akcie ?

Warren Buffett - svetovo najznámejší investor - akcionár a jeho stratégia "Value Investing". Emisia "WAVEs XXL" vydaná Deutche Bank dostupná aj menej majetným investorom. Tri stratégie investovania. Možné riziká po odchode svetoznámeho akcionára.

Guardado en:
Detalles Bibliográficos
Autor principal: Reich, Róbert
Formato: Capítulo de libro
Lenguaje:eslovaco
Materias:
Etiquetas: Agregar Etiqueta
Sin Etiquetas, Sea el primero en etiquetar este registro!

MARC

LEADER 00000naa$a2200000$$$4500
001 0019913
005 20230926070741.3
041 0 |a slo 
044 |a SK 
245 1 0 |a Máte záujem o Buffettove akcie ?  |c Róbert Reich 
520 |a Warren Buffett - svetovo najznámejší investor - akcionár a jeho stratégia "Value Investing". Emisia "WAVEs XXL" vydaná Deutche Bank dostupná aj menej majetným investorom. Tri stratégie investovania. Možné riziká po odchode svetoznámeho akcionára. 
610 2 0 |a papiere cenné 
610 2 0 |a trh kapitálový 
610 2 0 |a burzy 
610 2 0 |a emisia 
610 2 0 |a investovanie 
610 2 0 |a manažéri 
610 2 0 |a Buffett, W. 
100 1 |a Reich, Róbert